NAJPOPULARNIEJSZE IMIONA DLA KOTÓW - Statystyki

Ogólne statystyki
  • Ten quiz został rozwiązany 302 razy
  • Średni wynik to 2 z 6
Statystyki odpowiedzi
Odpowiedź % Poprawnych
PUSZEK
69%
MRUCZEK
56%
FILEMON
33%
KICIA
31%
FELIKS
7%
TOM
7%
Nie znaleziono quizów pasujących do podanych kryteriów
Rozkład punktacji
Procent ludzi z każdym wynikiem
Percentyl według liczby udzielonych odpowiedzi
Twoja historia wyników
Nie rozwiązałeś tego quizu